| 000 | 00845nam a2200265 a 4500 | ||
|---|---|---|---|
| 001 | BRL_464 | ||
| 005 | 20190320210743.0 | ||
| 008 | 160813s1968----mx-ab#####---#000-0#spa-# | ||
| 041 | _aspa | ||
| 044 | _amx | ||
| 050 | 4 |
_aF1219 _b.D38 1968 |
|
| 100 | 1 |
_aDavies, Claude Nigel Byam _d1920- _923995 |
|
| 245 | 1 | 0 |
_aLos señoríos independientes del imperio azteca _cClaude Nigel Byam Davies. |
| 260 |
_aMéxico _bINAH _c1968 |
||
| 300 |
_a257 p. _bil., mapas _c22 cm. |
||
| 440 | 0 |
_aInstituto Nacional de Antropología e Historia. Serie historia _v19 _923996 |
|
| 500 | _aAu1932 | ||
| 504 | _aBibliografía: p. 227-242 | ||
| 650 | 1 | 4 |
_aAztecas _xHistoria _92486 |
| 650 | 1 | 4 |
_aFeudalismo _zMéxico _923997 |
| 650 | 1 | 4 |
_aIndígenas de México _xAntigüedades _9509 |
| 651 | 4 |
_aMéxico _xHistoria _yHasta 1519 _99704 |
|
| 902 | _aGRL | ||
| 942 |
_2lcc _cB |
||
| 999 |
_c9276 _d9276 |
||